[Event "DSV-Turnier"]
[Site "Halle"]
[Date "1981.??.??"]
[Round "4"]
[White "Hazai, Laszlo"]
[Black "Uhlmann, Wolfgang"]
[Result "0-1"]
[WhiteElo "2450"]
[BlackElo "2475"]

1.e4 e6 2.d4 d5 3.Nc3 Bb4 4.e5 Ne7 5.a3 Bxc3+ 6.bxc3 c5 7.Nf3 Bd7 8.a4 Qa5
9.Bd2 Nbc6 10.Bb5 c4 11.Qc1 f6 12.exf6 gxf6 13.O-O Rg8 14.Re1 Kf7 15.Kf1 Nf5
16.Bf4 h5 17.h3 Rg6 18.Qa3 h4 19.Nh2 Rag8 20.Ng4 Rxg4 21.hxg4 Rxg4 22.Bh2 Qd8
23.f3 Rg6 24.Qc1 Qg8 25.Qd2 Ng3+ 26.Bxg3 Rxg3 27.Bxc6 bxc6 28.Re2 h3 29.Rb1 h2
30.Qh6 Rxf3+ 31.Rf2 Qg6 32.Qxg6+ Kxg6 33.Ke2 Rxc3 34.Kd2 Rg3 35.Rh1 c3+ 36.Kc1 Rg4
37.Rxh2 Rxd4 38.Rf3 e5 39.Rxc3 Rxa4 40.Rg3+ Bg4 41.Rc3 e4 42.Rh8 Ra1+ 43.Kb2 Rg1
44.g3 Bf3 45.Rd8 Rd1 46.Rxc6 e3 47.Rf8 Be4 48.Rcxf6+ Kg5 49.R6f7 Kg4 50.Rf4+ Kh3
51.Rh4+ Kg2 52.Rhf4 Rd2  0-1

[Event "DSV-Turnier"]
[Site "Halle"]
[Date "1981.??.??"]
[Round "5"]
[White "Boensch, Uwe"]
[Black "Tischbierek, Raj"]
[Result "1/2-1/2"]
[WhiteElo "2455"]
[BlackElo "2380"]

1.e4 e6 2.d4 d5 3.Nc3 Bb4 4.e5 Ne7 5.Bd2 b6 6.Nb5 Bxd2+ 7.Qxd2 a6 8.Na3 c5
9.c3 Nbc6 10.f4 cxd4 11.cxd4 b5 12.Nf3 b4 13.Nc2 Qb6 14.Ne3 Nf5 15.Nxf5 exf5
16.Rc1 O-O 17.Kf2 Bd7 18.Be2 Nd8 19.Rhd1 Ne6 20.Ng5 Rfc8 21.Nxe6 fxe6 22.Ke3 a5
23.g4 fxg4 24.Bxg4 Qd8 25.Bf3 Qh4 26.Qg2 Rxc1 27.Rxc1 Rc8 28.Rxc8+ Bxc8 29.Qg3 Qd8
30.Be2 Qc7 31.Kd2 Qb6 32.Qd3 Bd7 33.Ke3 Qc7 34.Qd2 Be8 35.Bg4 Qc6 36.Kf2 Bg6
37.Kg3 Be4  1/2-1/2

[Event "DSV-Turnier"]
[Site "Halle"]
[Date "1981.??.??"]
[Round "11"]
[White "Hazai, Laszlo"]
[Black "Vilela, Jose Luis"]
[Result "1-0"]
[WhiteElo "2450"]
[BlackElo "2430"]

1.e4 e6 2.d4 d5 3.Nc3 Bb4 4.e5 b6 5.Qg4 Bf8 6.Bg5 Qd7 7.h4 Ba6 8.Bxa6 Nxa6
9.h5 h6 10.Bh4 c5 11.Nf3 Nc7 12.O-O Ne7 13.Bxe7 Qxe7 14.b3 Qd7 15.dxc5 bxc5
16.Ne2 Be7 17.Qxg7 O-O-O 18.c4 Rdf8 19.Ng3 Qe8 20.Qg4 Rhg8 21.Qf4 f5 22.exf6 Bxf6
23.Rad1 Bd4 24.Qd6 Rxf3 25.gxf3 Qxh5 26.Qf8+ Rxf8 27.Nxh5 Na6 28.Kg2 Nb4
29.a3 Nc6 30.Ng3 dxc4 31.bxc4 Ne5 32.Rfe1 Rf6 33.Rxd4  1-0

[Event "DDR-ch U18"]
[Site "Ilmenau"]
[Date "1981.??.??"]
[Round "?"]
[White "Seils, Joerg"]
[Black "Tischbierek, Raj"]
[Result "1/2-1/2"]
[WhiteElo "2200"]
[BlackElo "2380"]

1.e4 e6 2.d4 d5 3.Nc3 Bb4 4.e5 Ne7 5.a3 Bxc3+ 6.bxc3 b6 7.Qg4 Nf5 8.Bd3 h5
9.Qf4 Qd7 10.Ne2 Ba6 11.Bxf5 exf5 12.Qg5 Nc6 13.Qxg7 O-O-O 14.Nf4 Na5 15.Kd1 Kb8
16.e6 fxe6 17.Qxd7 Rxd7 18.Nxe6 Rg8 19.Nf4 h4 20.Re1 Nc4 21.f3 Bb7 22.Re6 Rh7
23.h3 a5 24.Ke1 a4 25.Kf2 Bc8 26.Re2 c6 27.Nd3 Ka7 28.Bf4 Rhg7 29.Kf1 Ba6
30.Be5 Rg6 31.Kg1 Rh6 32.Nb4 Bb5 33.Nd3 Kb7 34.Nf4  1/2-1/2

[Event "DDR-ch U18"]
[Site "Ilmenau"]
[Date "1981.??.??"]
[Round "?"]
[White "Volke, Karsten"]
[Black "Belke, Frank"]
[Result "0-1"]
[WhiteElo "2200"]
[BlackElo "2200"]

1.e4 e6 2.d4 d5 3.Nc3 Bb4 4.e5 Ne7 5.a3 Bxc3+ 6.bxc3 c5 7.a4 Nbc6 8.Nf3 Qa5
9.Bd2 Bd7 10.g3 f5 11.Bg2 c4 12.O-O Nd8 13.Bc1 Nf7 14.Ba3 Bc6 15.Qd2 Kd7
16.Bb4 Qc7 17.Qc1 Rag8 18.Ng5 Nxg5 19.Qxg5 Qd8 20.Rfb1 h6 21.Qc1 g5 22.Qa3 Nc8
23.Bc5 Ke8 24.a5 Rg7 25.Rf1 h5 26.f3 g4 27.f4 h4 28.Rfe1 Rgh7 29.Kf2 Qc7
30.Rg1 Rh5 31.Rae1 R8h7 32.Bf8 Qf7 33.Bd6 Qg7 34.Qc5 a6 35.Qa3 Qh8 36.Bc5 hxg3+
37.hxg3 Rh2 38.Qa1 R7h3 39.Re3 Qh6 40.Qa3 Rxg3  0-1

[Event "Sokolsky mem"]
[Site "Minsk"]
[Date "1981.??.??"]
[Round "10"]
[White "Litvinov, V."]
[Black "Begun, Sergei M"]
[Result "1-0"]
[WhiteElo "2365"]
[BlackElo "2385"]

1.e4 e6 2.d4 d5 3.Nc3 Bb4 4.e5 Ne7 5.Bd2 b6 6.Qg4 Ng6 7.h4 h5 8.Qg3 Ba6 9.Nge2 Bf8
10.O-O-O Qd7 11.Bg5 Nc6 12.Nf4 Bxf1 13.Nxg6 fxg6 14.Rhxf1 Be7 15.Ne2 Bxg5+
16.Qxg5 Qf7 17.Nf4 Ne7 18.Rd3 Kd7 19.Rg3 Rh6 20.Rf3 Nf5 21.Rd1 Qe7 22.g3 Ke8
23.Rc3 Rc8 24.Rc6 Qxg5 25.hxg5 Rh7 26.Rxe6+ Kd7 27.Rxg6 Ne7 28.Re6 Nf5 29.c4 dxc4
30.d5 h4 31.Rc6 h3 32.Rxc4 h2 33.Rh1 c6 34.g4 Ne7 35.d6 b5 36.Rd4 Nd5 37.Kd2 Rf8
38.Nxd5 cxd5 39.Ke2 Ke6 40.f4 Rc8 41.Rd2 g6 42.Kf2 Rch8 43.Rc2 Rh4 44.Rc7 Rxg4
45.Re7+ Kf5 46.Rf7+ Ke6 47.Re7+ Kf5 48.d7 Rxf4+ 49.Ke2 Re4+ 50.Kd2 Rd8 51.Rxh2  1-0

[Event "Nis"]
[Site "Nis"]
[Date "1981.??.??"]
[Round "5"]
[White "Tosic, Miroslav"]
[Black "Sahovic, Dragutin"]
[Result "0-1"]
[WhiteElo "2200"]
[BlackElo "2425"]

1.e4 e6 2.d4 d5 3.Nc3 Bb4 4.e5 Qd7 5.Nf3 b6 6.Bd2 Ba6 7.Bxa6 Nxa6 8.Ne2 Bf8
9.O-O c5 10.Nf4 c4 11.c3 g6 12.g3 Ne7 13.Ng2 Nb8 14.Bg5 Bg7 15.Nd2 Nbc6 16.Qf3 h6
17.Bf6 Bxf6 18.Qxf6 O-O 19.Ne3 Kh7 20.f4 Nf5 21.Ng4 Qe7 22.Nf3 b5 23.b3 cxb3
24.axb3 a5 25.c4 bxc4 26.bxc4 dxc4 27.Rfc1 Qxf6 28.Nxf6+ Kg7 29.Rxc4 Nb4
30.Ra4 Rfd8 31.g4 Ne3 32.Rc5 Ned5 33.Ne4 Nxf4 34.Nd6 Nbd3 35.Rcxa5 Rxa5 36.Rxa5 Rb8
37.Nd2 Ne2+ 38.Kf1 Nxd4 39.N2c4 Nc6 40.Rb5 Rxb5 41.Nxb5 Ndxe5 42.Ne3 f5 43.gxf5 gxf5
44.Nd6 Kf6 45.h3 Kg5 46.Kf2 Nd3+ 47.Kg2 Nd4 48.Kh2 h5 49.Ng2 f4 50.Nc4 Nf3+  0-1

[Event "Baile Herculane zt"]
[Site "Baile Herculane"]
[Date "1982.??.??"]
[Round "19"]
[White "Sax, Gyula"]
[Black "Farago, Ivan"]
[Result "1/2-1/2"]
[WhiteElo "2550"]
[BlackElo "2485"]

1.e4 e6 2.d4 d5 3.Nc3 Bb4 4.e5 Ne7 5.a3 Bxc3+ 6.bxc3 c5 7.Qg4 Qc7 8.Bd3 c4
9.Be2 O-O 10.Nf3 Nbc6 11.O-O Bd7 12.Ng5 f5 13.Qg3 b5 14.h4  1/2-1/2

[Event "Rakovica"]
[Site "Belgrade"]
[Date "1982.??.??"]
[Round "?"]
[White "Barlov, Dragan"]
[Black "Govedarica, Radovan"]
[Result "1-0"]
[WhiteElo "2425"]
[BlackElo "2395"]

1.e4 e6 2.d4 d5 3.Nc3 Bb4 4.e5 Qd7 5.Bd2 b6 6.Nh3 f6 7.exf6 Nxf6 8.Ng5 O-O
9.Nf3 c5 10.a3 Bxc3 11.Bxc3 Ba6 12.Bxa6 Nxa6 13.Ne5 Qb7 14.O-O Nb8 15.f3 Nc6
16.Re1 Rae8 17.Qd2 Nxe5 18.Rxe5 Nd7 19.Re3 e5 20.dxe5 d4 21.Bxd4 cxd4 22.Qxd4 Nc5
23.b4 Ne6 24.Qc4 b5 25.Qb3 Qc6 26.Rd1 Rf4 27.Rc3 Qb6+ 28.Kf1 Rd4 29.Rcd3 Rxd3
30.Rxd3 Qb7 31.Rd6 Qf7 32.Qd5 Nc7 33.Qxf7+ Kxf7 34.f4 Re6 35.Rd7+ Re7 36.Rd6 h5
37.Ke2 g6 38.g3 Ne6 39.Kd3 Rb7 40.c4 bxc4+ 41.Kxc4 Ke7 42.a4 Rb8 43.b5 Rc8+
44.Kb4 h4 45.Ra6 Rc7 46.a5 h3 47.b6 axb6 48.Rxb6 Kd7 49.Rd6+ Ke7 50.Rd2 Rb7+
51.Kc4 Nc7 52.Ra2 Na6 53.Kd4 Ke6 54.Rc2 Nb4 55.Rc5 Kf5 56.Kc4 Nc2 57.a6 Na3+
58.Kd5 Ra7 59.Ra5 Nb1 60.Kc6 Nd2 61.Kb6 Rh7 62.Ra4 Nf3 63.Ra2 Rh8 64.a7 g5
65.fxg5 Nxe5 66.Ra5 Rg8 67.Rb5 Ke6 68.g6 Nxg6 69.Rg5 Kf6 70.Rh5 Re8 71.Rh7 Nf8
72.Rc7 Ne6 73.Rb7 Nf8 74.Ka6 Ne6 75.Kb6 Nf8 76.Ka5 Ra8 77.Ka6 Ne6 78.Rb6 Rd8
79.Rc6 Kf5 80.g4+ Ke5 81.Kb7 Ng5 82.Rc5+ Kf4 83.Rc4+ Kf3 84.a8=Q Rxa8 85.Kxa8 Ke3
86.Rc3+ Kf4 87.Rg3 Nf3 88.Rxh3 Kxg4 89.Rg3+ Kf4 90.Rg2 Nh4 91.Rg8 Nf3 92.h3 Kf5
93.Rf8+ Ke4 94.Kb7 Nh4 95.Kc7 Nf5 96.Kd7 Nh4 97.Rf1 Ng6 98.Ke8 Nf4 99.h4 Kf5
100.h5 Kg5  1-0

[Event "HUN-ch"]
[Site "Budapest"]
[Date "1982.??.??"]
[Round "?"]
[White "Szalanczy, Emil"]
[Black "Sinkovics, Peter"]
[Result "1-0"]
[WhiteElo "2300"]
[BlackElo "2270"]

1.e4 e6 2.d4 d5 3.Nc3 Bb4 4.e5 Ne7 5.a3 Bxc3+ 6.bxc3 c5 7.Nf3 Nbc6 8.dxc5 Ng6
9.Bd3 Ngxe5 10.Nxe5 Nxe5 11.O-O Qa5 12.Rb1 Qxc5 13.Bb5+ Nc6 14.Rb3 a6 15.Bd3 b5
16.Qg4 g6 17.a4 Ne5 18.Qh4 Nc4 19.Qf6 Rg8 20.axb5 axb5 21.Bg5 Bd7 22.Rbb1 h6
23.Ra1 Rc8 24.Bxh6 Qe7 25.Bg5 Qxf6 26.Bxf6 Nd2 27.Rfd1 Nc4 28.h4 Nb2 29.Rdb1 Nxd3
30.cxd3 Rc7 31.Ra8+ Bc8 32.Rxb5 Kd7 33.Kh2 Re8 34.Be5 Rb7 35.Rc5 f5 36.Kg3  1-0

[Event "HUN-ch"]
[Site "Budapest"]
[Date "1982.??.??"]
[Round "?"]
[White "Szalanczy, Emil"]
[Black "Lovass, Imre"]
[Result "1-0"]
[WhiteElo "2300"]
[BlackElo "2310"]

1.e4 e6 2.d4 d5 3.Nc3 Bb4 4.e5 Ne7 5.a3 Bxc3+ 6.bxc3 b6 7.Nh3 Ba6 8.Bxa6 Nxa6
9.Nf4 g6 10.h4 h5 11.Nd3 Qd7 12.Bg5 O-O-O 13.a4 Rde8 14.O-O Nc6 15.Nb2 Na5
16.Qd3 Kb7 17.c4 c5 18.Rfd1 Rc8 19.cxd5 Qxd5 20.c4 Qd7 21.Qf3+ Kb8 22.dxc5 Qb7
23.cxb6 axb6 24.Qxb7+ Kxb7 25.Rd7+ Rc7 26.Rad1 Nc5 27.Rxc7+ Kxc7 28.Be7 Nab7
29.Rd4 Re8 30.Bg5 Nd7 31.Rf4 Nxe5 32.Rf6 Kc6 33.Bf4 Nd7 34.Rxf7 e5 35.Be3 Nd6
36.Rg7 Re6 37.Rg8 Nf5 38.Bg5 Kc5 39.Bd2 Nxh4 40.Rc8+ Kd6 41.Bb4+ Nc5 42.Nd3 e4
43.Nxc5 bxc5 44.Rxc5 Kd7 45.a5 Nf5 46.Rd5+ Kc7 47.Bc5 e3 48.Bb6+ Kc8 49.fxe3 Nxe3
50.Bxe3 Rxe3 51.Rd6 Rc3 52.Rxg6 Rxc4 53.a6 Kb8 54.Rh6 h4 55.Rh7 Rg4 56.Kh2 Ka8
57.Re7 Kb8 58.Re2 Ka7 59.Kh3 Rd4 60.Re6  1-0

[Event "Politiken Cup"]
[Site "Copenhagen"]
[Date "1982.??.??"]
[Round "4"]
[White "Moe, Mogens"]
[Black "Wicker, Kevin J"]
[Result "1-0"]
[WhiteElo "2365"]
[BlackElo "2275"]

1.e4 e6 2.d4 d5 3.Nc3 Bb4 4.e5 b6 5.Qg4 Bf8 6.Be3 Qd7 7.O-O-O Nc6 8.f4 Bb7
9.Qh3 O-O-O 10.g4 Bb4 11.Nb1 f5 12.gxf5 exf5 13.Nf3 Nh6 14.a3 Be7 15.Qg3 Rdg8
16.Ng5 Bxg5 17.fxg5 Nf7 18.g6 Nfd8 19.gxh7 Rxh7 20.h4 g6 21.Nd2 Ne6 22.Nf3 Ncd8
23.Bd3 Rh5 24.Bg5 Nxg5 25.Nxg5 Ne6 26.Nxe6 Qxe6 27.Rdg1 Bc6 28.Be2 Rh6 29.Qg5 Rgh8
30.Bf3 Be8 31.Qf4 c6 32.Rg5 Bd7 33.Be2 Kb7 34.b3 Qe7 35.Kb2 Be6 36.Qg3 Qe8
37.Rg1  1-0

[Event "Halle-Buna"]
[Site "Halle"]
[Date "1982.??.??"]
[Round "7"]
[White "Becker, Michael"]
[Black "Uhlmann, Wolfgang"]
[Result "0-1"]
[WhiteElo "2200"]
[BlackElo "2510"]

1.e4 e6 2.d4 d5 3.Nc3 Bb4 4.e5 Ne7 5.a3 Bxc3+ 6.bxc3 c5 7.a4 Nbc6 8.Nf3 Qa5
9.Bd2 Bd7 10.Be2 f6 11.exf6 gxf6 12.O-O c4 13.Nh4 O-O-O 14.Bh5 Rhg8 15.g3 e5
16.f4 e4 17.f5 Kb8 18.Qe1 Ka8 19.Bh6 Be8 20.Bxe8 Rdxe8 21.Ng2 Nd8 22.Ne3 Nf7
23.Bf4 h5 24.Rb1 Ng5 25.Rb5 Qxa4 26.Qb1 Nh3+ 27.Kh1 Nxf4 28.Rxf4 Qa3 29.Nxd5 Nxd5
30.Rxd5 e3 31.Qe1 e2 32.Kg2 Re3 33.Kf2 Re7 34.Rb5 Rge8 35.Rh4 Qa4 36.Rc5 b6  0-1

[Event "Luzern ol (Men)"]
[Site "Luzern"]
[Date "1982.??.??"]
[Round "7"]
[White "Johansen, Darryl K"]
[Black "Gomez Baillo, Jorge H"]
[Result "1-0"]
[WhiteElo "2310"]
[BlackElo "2295"]

1.e4 e6 2.Nc3 d5 3.d4 Bb4 4.e5 Ne7 5.Qg4 Nf5 6.Nf3 c5 7.dxc5 Nc6 8.Bb5 Bxc5
9.O-O Bd7 10.Bd3 h5 11.Qh3 Nfd4 12.Re1 Nb4 13.Nxd4 Bxd4 14.Qg3 Qb6 15.Ne2 Bc5
16.Bg5 Bb5 17.a3 Nc6 18.b4 Bf8 19.Rac1 Bxd3 20.cxd3 a5 21.Be3 d4 22.Nxd4 Nxd4
23.Rc4 axb4 24.Bxd4 Qd8 25.axb4 b5 26.Qf3 Ra6 27.Rc6 Rxc6 28.Qxc6+ Qd7 29.Qb6 Be7
30.Qb8+ Bd8 31.Bc5 f5 32.d4 Kf7 33.Ra1 Kg6 34.Ra6  1-0

[Event "Moscow"]
[Site "Moscow"]
[Date "1982.??.??"]
[Round "?"]
[White "Abramovic, Bosko"]
[Black "Vaganian, Rafael A"]
[Result "1/2-1/2"]
[WhiteElo "2445"]
[BlackElo "2550"]

1.e4 e6 2.d4 d5 3.Nc3 Bb4 4.e5 Ne7 5.a3 Bxc3+ 6.bxc3 b6 7.Qg4 Ng6 8.h4 h5
9.Qd1 Ba6 10.Bg5 Qd7 11.Bxa6 Nxa6 12.Ne2 Qc6 13.O-O Kd7 14.f4 Raf8 15.f5 exf5
16.Qd3  1/2-1/2

[Event "Rome-B"]
[Site "Rome"]
[Date "1982.??.??"]
[Round "?"]
[White "Passerotti, Pierluigi"]
[Black "Messa, Roberto"]
[Result "1/2-1/2"]
[WhiteElo "2340"]
[BlackElo "2350"]

1.e4 e6 2.d4 d5 3.Nc3 Bb4 4.e5 Ne7 5.a3 Bxc3+ 6.bxc3 c5 7.Qg4 O-O 8.Nf3 Nbc6
9.Bd3 f5 10.exf6 Rxf6 11.Bg5 Rf7 12.Qh3 h6 13.Bg6 Rf8 14.Ne5 cxd4 15.Bxe7 Qxe7
16.cxd4 Qf6 17.Qg3 Nxd4 18.Rd1 Nc6 19.Nxc6 bxc6 20.O-O e5 21.c4 Ba6 22.Rfe1 Bxc4
23.Rxe5 Rab8 24.Rf5 Qe6 25.Bf7+ Rxf7 26.Qxb8+ Kh7 27.Re5 Qf6 28.f3 Bb3 29.Rde1 Bc2
30.Qb2 Bg6 31.Qf2 Rb7 32.Re6 Qc3 33.Qg3 Qc5+ 34.Kh1 Bf7 35.Rd6 Qc2 36.h4 c5
37.Kh2 c4 38.Re5 c3 39.h5 Qd3 40.Rexd5 Bxd5 41.Qg6+ Qxg6 42.hxg6+ Kh8 43.Rxd5 Rb8
44.Rc5 Kg8 45.Rxc3 Kf8 46.Rc7 Rb6 47.Rf7+ Kg8 48.Rxa7 Rxg6 49.Re7 Ra6 50.Re3 Kf7
51.Kg3 Kf6 52.Kf2 h5 53.Rc3 g5 54.Ke3 h4 55.Kf2 Rb6 56.a4 Rb2+ 57.Kg1 Ra2
58.Rc6+ Kf5 59.Rc5+ Kf4 60.Rc4+ Kf5 61.Kh2 Ra1 62.Rb4 Ke5 63.Rb5+ Kf4 64.Rb4+ Ke5
65.Re4+ Kf5 66.Rg4 Rb1 67.Rd4 Ra1 68.Rd5+ Kf4 69.Ra5 h3 70.gxh3 Ra2+ 71.Kg1 Kxf3
72.Rf5+ Kg3 73.Rxg5+ Kxh3 74.Ra5 Kg3 75.Kf1 Kf3 76.Ke1 Ke3 77.Kd1 Kd3 78.Kc1 Kc3
79.Kb1 Kb3  1/2-1/2

[Event "Rostock"]
[Site "Rostock"]
[Date "1982.??.??"]
[Round "?"]
[White "Rossmann, Helmut"]
[Black "Paehtz, Thomas Sr"]
[Result "1/2-1/2"]
[WhiteElo "2290"]
[BlackElo "2365"]

1.e4 e6 2.d4 d5 3.Nc3 Bb4 4.e5 Ne7 5.a3 Bxc3+ 6.bxc3 c5 7.Qg4 Qc7 8.Qxg7 Rg8
9.Qxh7 cxd4 10.Kd1 dxc3 11.Nf3 Nbc6 12.Ng5 Nxe5 13.f4 Rxg5 14.fxg5 N5g6 15.h4 Nf8  1/2-1/2

[Event "DDR-ch 31th"]
[Site "Salzwedel"]
[Date "1982.??.??"]
[Round "5"]
[White "Enders, Peter"]
[Black "Uhlmann, Wolfgang"]
[Result "0-1"]
[WhiteElo "2315"]
[BlackElo "2515"]

1.e4 e6 2.d4 d5 3.Nc3 Bb4 4.e5 Ne7 5.a3 Bxc3+ 6.bxc3 c5 7.Qg4 Qc7 8.Qxg7 Rg8
9.Qxh7 cxd4 10.Kd1 dxc3 11.Nf3 Nbc6 12.Bf4 Qb6 13.Qd3 d4 14.h4 Bd7 15.h5 O-O-O
16.h6 Ng6 17.Bg3 Qb2 18.Rc1 Qxa3 19.Rb1 Na5 20.Nd2 Qa2 21.Rb4 cxd2 22.Rxd4 Bc6  0-1

[Event "DDR-ch 31th"]
[Site "Salzwedel"]
[Date "1982.??.??"]
[Round "12"]
[White "Brueggemann, Joachim"]
[Black "Uhlmann, Wolfgang"]
[Result "1/2-1/2"]
[WhiteElo "2310"]
[BlackElo "2515"]

1.e4 e6 2.d4 d5 3.Nc3 Bb4 4.e5 Ne7 5.a3 Bxc3+ 6.bxc3 c5 7.Qg4 Qc7 8.Qxg7 Rg8
9.Qxh7 cxd4 10.Kd1 dxc3 11.Nf3 Nbc6 12.Ng5 Nxe5 13.f4 Rxg5 14.fxg5 N5g6 15.h4 Nf8
16.Qg7 Nf5 17.Qf6 Qg3 18.Rh3 Qf2 19.Rf3 Qxh4 20.Qxc3 Qd4+ 21.Qxd4 Nxd4 22.Rd3 e5
23.Bb2 Bg4+ 24.Kd2 Nfe6 25.Re1 Bf5 26.Rxe5 Bxd3 27.Bxd3 O-O-O 28.Bxd4 Nxd4
29.Re7 Rd7 30.Rxd7 Kxd7 31.g6 fxg6 32.Bxg6 Ke6 33.Bd3 Ke5 34.c4 Ne6 35.cxd5 Nf4
36.d6 Kxd6  1/2-1/2

[Event "Vrnjacka Banja"]
[Site "Vrnjacka Banja"]
[Date "1982.??.??"]
[Round "14"]
[White "Barlov, Dragan"]
[Black "Sahovic, Dragutin"]
[Result "0-1"]
[WhiteElo "2405"]
[BlackElo "2450"]

1.e4 e6 2.d4 d5 3.Nc3 Bb4 4.e5 b6 5.Bd2 Bxc3 6.bxc3 Ne7 7.Qg4 O-O 8.h4 Kh8
9.h5 h6 10.Nf3 Ba6 11.Rh3 Bxf1 12.Kxf1 Nbc6 13.Nh4 Qd7 14.Rg3 Rg8 15.Rf3 Raf8
16.Kg1 Na5 17.a4 Nc4 18.Bc1 Kh7 19.Qh3 c5 20.Rf4 cxd4 21.cxd4 f5 22.exf6 gxf6
23.Ba3 Nxa3 24.Rxa3 f5 25.Qe3 Rc8 26.c3 Qd6 27.Rb3 Rg7 28.Nf3 Ng8 29.Qe5 Qc6
30.Rb1 Re8 31.Re1 Rf7 32.Qe3 Qc7 33.Ne5 Rg7 34.Rc1 Nf6 35.c4 Rc8 36.c5 Qe7
37.Ng6 Qe8 38.Rh4 Nxh5 39.Ne5  0-1

[Event "Bor"]
[Site "Bor"]
[Date "1983.??.??"]
[Round "7"]
[White "Abramovic, Bosko"]
[Black "Sahovic, Dragutin"]
[Result "1-0"]
[WhiteElo "2480"]
[BlackElo "2475"]

1.e4 e6 2.d4 d5 3.Nc3 Bb4 4.e5 Ne7 5.a3 Bxc3+ 6.bxc3 b6 7.Qg4 Ng6 8.h4 h5
9.Qd1 Ba6 10.Bxa6 Nxa6 11.Bg5 Qd7 12.Ne2 Qc6 13.O-O Kd7 14.f4 Raf8 15.f5 exf5
16.Qd3 Nb8 17.Rxf5 f6 18.Qh3 Ke7 19.exf6+ gxf6 20.Re1 Kd8 21.Nf4 Nxf4 22.Bxf4 Rf7
23.Qf3  1-0

[Event "Buenos Aires"]
[Site "Buenos Aires"]
[Date "1983.??.??"]
[Round "7"]
[White "Schweber, Samuel"]
[Black "Tempone, Marcelo"]
[Result "1-0"]
[WhiteElo "2420"]
[BlackElo "2330"]

1.e4 e6 2.d4 d5 3.Nc3 Bb4 4.e5 Qd7 5.Qg4 f5 6.Qg3 b6 7.h4 Ba6 8.Bxa6 Nxa6
9.Ne2 c6 10.Bd2 Nc7 11.a3 Bf8 12.Qh3 Ne7 13.Bg5 c5 14.Bxe7 Bxe7 15.g4 O-O
16.gxf5 Rxf5 17.O-O-O Raf8 18.f4 Kh8 19.Qg4 b5 20.dxc5 Bxc5 21.Rh3 Qf7 22.h5 a5
23.Nb1 a4 24.Nd2 Na8 25.Rc3 Ba7 26.Nf3 Nb6 27.Nfd4 Nc4 28.Nxf5 exf5 29.Qf3 Rd8
30.Nd4 Qd7 31.e6 Qe8 32.e7 Rd7 33.Nxf5 d4 34.Qg4 Rxe7 35.Rxc4 bxc4 36.Nxe7  1-0

[Event "Capablanca mem-B"]
[Site "Cienfuegos"]
[Date "1983.??.??"]
[Round "?"]
[White "Garcia Gonzales, Guillermo"]
[Black "Vilela, Jose Luis"]
[Result "1/2-1/2"]
[WhiteElo "2515"]
[BlackElo "2440"]

1.e4 e6 2.d4 d5 3.Nc3 Bb4 4.e5 Ne7 5.Bd2 b6 6.Nf3 Qd7 7.Nb5 Bxd2+ 8.Qxd2 Ba6
9.a4 O-O 10.h4 c6 11.Nd6 Bxf1 12.Kxf1 f6 13.a5 b5 14.h5 fxe5 15.dxe5 Nf5
16.h6 g6 17.Qc3 Na6 18.Nxf5 Rxf5 19.Nd4 Rf4 20.g3 b4 21.Qd2 Rff8 22.Rh4 c5
23.Ne2 Nb8 24.Qe3 d4 25.Qe4 Nc6 26.Nf4 Ne7 27.Rg4 Nd5 28.Nxg6 Ne3+ 29.Kg1 Nxg4
30.Nxf8 Rxf8 31.Qxg4+ Kh8 32.b3 Qf7 33.Rf1 Rg8 34.Qh4 Rg6 35.Kg2 Qb7+ 36.f3 Qf7
37.a6 Qf5 38.Qd8+ Rg8 39.Qf6+ Qxf6 40.exf6 Rf8 41.Re1 Rxf6  1/2-1/2

[Event "DDR-ch 32th"]
[Site "Cottbus"]
[Date "1983.??.??"]
[Round "?"]
[White "Goldberg, Alexander"]
[Black "Uhlmann, Wolfgang"]
[Result "1/2-1/2"]
[WhiteElo "2290"]
[BlackElo "2505"]

1.e4 e6 2.d4 d5 3.Nc3 Bb4 4.e5 Ne7 5.a3 Bxc3+ 6.bxc3 c5 7.a4 Nbc6 8.Nf3 Qa5
9.Bd2 Bd7 10.Be2 f6 11.Rb1 Qc7 12.Bf4 Ng6 13.Bg3 fxe5 14.O-O O-O 15.Bb5 Qa5
16.Bxc6 Bxc6 17.Nxe5 Qxc3 18.Nxg6 hxg6 19.Be5 c4 20.f4 Bxa4 21.Qg4 Rf7 22.Qxe6 Re8
23.Qxd5 Bc6 24.Qc5 Qe3+ 25.Rf2 g5 26.Qxc4 gxf4 27.Bxf4 Qe4 28.Be5 Rf8 29.Re2 Qf5
30.h3 a6 31.Rd2 Qg5 32.Re2 Bb5 33.Rxb5 axb5 34.Qxb5 Qc1+ 35.Kh2 Rf1 36.Qd5+ R8f7
37.Bd6 Re1 38.Rf2 Rh1+ 39.Kg3 Qe3+ 40.Rf3 Qe1+ 41.Kg4 Qe8 42.c4 Re1 43.Be5 Qd7+
44.Qxd7 Rxd7 45.c5 Rf7 46.Rb3 Re4+ 47.Kg5 Kh7 48.g4 Re2 49.h4 Re7 50.Kf5 Rf2+
51.Ke4 Rg2 52.Kf5 Rf2+ 53.Ke4 Rg2 54.g5 Kg6 55.Kd5 Rf2 56.Rb6+ Kh5 57.g6 Rf8
58.Bd6 Rf5+ 59.Be5 Rf8  1/2-1/2

[Event "Hannover"]
[Site "Hannover"]
[Date "1983.??.??"]
[Round "7"]
[White "Qi Jingxuan"]
[Black "Chen De"]
[Result "1/2-1/2"]
[WhiteElo "2430"]
[BlackElo "2320"]

1.e4 e6 2.d4 d5 3.Nc3 Bb4 4.e5 Ne7 5.a3 Bxc3+ 6.bxc3 c5 7.Nf3 Bd7 8.Bd3 Qa5
9.O-O c4 10.Be2 Ba4 11.Bd2 Nd7 12.Ng5 h6 13.Nh3 O-O-O 14.Nf4 Kb8 15.g3 Rdg8
16.Re1 Qd8 17.Ra2 g6 18.Ng2 Nf5 19.Bg4 Nf8 20.Qb1 h5 21.Bxf5 exf5 22.h4 Ne6
23.Nf4 Qd7 24.Qb4 Nxf4 25.Bxf4 Ka8 26.Rb2 Re8 27.Reb1 b6 28.Bg5 Re6 29.Ra2 Rc8
30.Qb2 Kb7 31.Qc1 Qe8 32.Bf6 a5 33.Qh6 Ka6 34.Rab2 Qf8 35.Qxf8 Rxf8 36.Kg2 Rb8
37.Kf3 Bd7 38.Kf4 Ree8 39.f3 Ka7 40.Kg5 Ka6 41.Kh6 Be6 42.Rb5 Ka7 43.a4 Ka6
44.Kg5 Rb7 45.Kf4 Rc8 46.Ke3 Rc6 47.Bd8 Rb8 48.Be7 Re8 49.Bd6 Rd8 50.Kf4 Rd7
51.Kg5 Rd8 52.Kf6 Rd7 53.Be7 Ka7 54.R1b2 Ka6 55.f4 Ka7  1/2-1/2

[Event "Hastings8384"]
[Site "Hastings"]
[Date "1983.??.??"]
[Round "10"]
[White "Mestel, A Jonathan"]
[Black "Short, Nigel D"]
[Result "1-0"]
[WhiteElo "2500"]
[BlackElo "2475"]

1.e4 e6 2.d4 d5 3.Nc3 Bb4 4.e5 Ne7 5.a3 Bxc3+ 6.bxc3 c5 7.Qg4 Qc7 8.Qxg7 Rg8
9.Qxh7 cxd4 10.Kd1 dxc3 11.Nf3 Nbc6 12.h4 Qb6 13.Be3 d4 14.Bg5 Bd7 15.Bd3 O-O-O
16.Ke2 Qc5 17.Rhb1 a6 18.Qe4 Rde8 19.g3 Nd5 20.Rb3 Na5 21.Rbb1 Nc6 22.h5 Rxg5
23.Nxg5 f5 24.exf6 Nxf6 25.Qh4 Ne5 26.Rb4 Nxd3 27.cxd3 Bb5 28.Rxd4 Kb8 29.h6 e5
30.Rc4 Bxc4 31.Qxc4 Qe7 32.Qxc3 e4 33.Kf1 e3 34.Re1 Ng4 35.Qg7 Nh2+ 36.Kg2 exf2
37.Qxe7 Rxe7 38.Kxf2 Ng4+ 39.Kf3 Rxe1 40.Kxg4 Re8 41.Nf7 b5 42.Kf5 a5 43.h7 b4
44.axb4 a4 45.Ne5 a3 46.Nc6+ Kc7 47.Nd4 a2 48.Nc2 Kd6 49.g4 Re5+ 50.Kf6 Re6+
51.Kg7 Re7+ 52.Kg8 Re8+ 53.Kg7 Re7+ 54.Kh6 Re6+ 55.Kh5 Re2 56.Na1 Re1 57.Nb3 Re3
58.g5 Rxd3 59.Kg4 Rxb3 60.h8=Q Rxb4+ 61.Kh5 Ra4 62.Qa1 Kc7 63.Kg6 Ra7 64.Qg7+  1-0

[Event "Poutiainen mem"]
[Site "Helsinki"]
[Date "1983.??.??"]
[Round "?"]
[White "Pirttimaki, Timo"]
[Black "Farago, Ivan"]
[Result "1/2-1/2"]
[WhiteElo "2380"]
[BlackElo "2495"]

1.e4 e6 2.d4 d5 3.Nc3 Bb4 4.e5 Ne7 5.a3 Bxc3+ 6.bxc3 c5 7.Nf3 Bd7 8.a4 Qa5
9.Bd2 Nbc6 10.h4 f6 11.h5 fxe5 12.Nxe5 Nxe5 13.dxe5 Qc7 14.f4 O-O-O 15.Qg4 h6
16.Bd3 c4 17.Bg6 Qc5 18.Bc1 Nxg6 19.hxg6 d4 20.Ba3 Qd5 21.Bd6 Qe4+ 22.Qe2 Bc6
23.Qxe4 Bxe4 24.O-O-O d3 25.cxd3 cxd3 26.Rhe1 Bxg6 27.g4 Rd7 28.f5 exf5 29.Rxd3 fxg4
30.Rd4 h5 31.e6 Rxd6 32.Rxd6 Rd8 33.Red1 Rxd6 34.Rxd6 Be8 35.Kd2 Bxa4 36.e7 Bd7
37.Re6 Be8 38.Rd6 Bd7 39.Re6 Be8 40.Rd6  1/2-1/2

[Event "Poutiainen mem"]
[Site "Helsinki"]
[Date "1983.??.??"]
[Round "?"]
[White "Rantanen, Yrjo A"]
[Black "Farago, Ivan"]
[Result "1/2-1/2"]
[WhiteElo "2435"]
[BlackElo "2495"]

1.e4 e6 2.d4 d5 3.Nc3 Bb4 4.e5 Ne7 5.a3 Bxc3+ 6.bxc3 c5 7.h4 Qa5 8.Bd2 Nbc6
9.a4 Qc7 10.Nf3 f6 11.exf6 gxf6 12.g3 Bd7 13.Bg2 O-O-O  1/2-1/2

[Event "URS-ch sf"]
[Site "Irkutsk"]
[Date "1983.??.??"]
[Round "?"]
[White "Tseshkovsky, Vitaly"]
[Black "Psakhis, Lev"]
[Result "1/2-1/2"]
[WhiteElo "2560"]
[BlackElo "2580"]

1.e4 e6 2.d4 d5 3.Nc3 Bb4 4.e5 b6 5.Qg4 Bf8 6.h4 Nc6 7.Bg5 Qd7 8.Nf3 h6 9.Bf4 Bb7
10.h5 Nge7 11.O-O-O O-O-O 12.Kb1 Kb8 13.Bc1 Na5 14.Qf4 Nc8 15.Nd2 c5 16.Nb3 Nc6
17.dxc5 bxc5 18.Na4 c4 19.Bxc4 Qc7 20.Be2 Nxe5 21.Nd4 g5 22.hxg6 Nxg6 23.Qxc7+ Kxc7
24.c4 e5 25.Nb5+ Kb8 26.cxd5 Rxd5 27.Rxd5 Bxd5 28.f3 Bc6 29.Nac3 h5 30.Ne4 h4
31.Nbc3 f5 32.Ng5 Be7 33.Bd3 Nd6 34.Re1 Bxg5 35.Bxg5 h3 36.gxh3 Rxh3 37.Rg1 Bxf3
38.Nb5 Be4 39.Bxe4 Nxe4 40.Bd8 Rg3 41.Rh1 a6 42.Na3 f4 43.Nc4 Rd3 44.Bb6 Nd6
45.Na5 Nc8 46.Bc5 Rd5 47.b4 e4 48.Kc2 e3 49.Nc4 e2 50.Bf2 Ne5 51.Nxe5 Rxe5
52.Rh4 e1=Q 53.Bxe1 Rxe1 54.Rxf4 Nd6 55.Rf3 Nb5 56.Rd3 Re4 57.Kb3 Kb7 58.Ka4 Nc7
59.a3 Re6 60.Ka5 Re5+ 61.Ka4 Nd5  1/2-1/2

[Event "URS-ch U26"]
[Site "Jurmala"]
[Date "1983.??.??"]
[Round "?"]
[White "Gavrikov, Viktor"]
[Black "Chernin, Alexander"]
[Result "1/2-1/2"]
[WhiteElo "2485"]
[BlackElo "2455"]

1.e4 e6 2.d4 d5 3.Nc3 Bb4 4.e5 Ne7 5.a3 Bxc3+ 6.bxc3 c5 7.Nf3 b6 8.Bb5+ Bd7
9.Bd3 c4 10.Bf1 Ba4 11.g3 Nbc6 12.h4 h6 13.h5 Qd7 14.Bf4 O-O-O 15.Qd2 Rdf8
16.Be2 Kb7 17.Kf1 Rh7 18.Re1 Qe8 19.Kg2 Rfh8 20.Rh2 Qf8 21.Reh1 Rg8 22.Qc1 Nb8
23.g4 Nd7 24.Kf1 Nc6 25.Rg2 Ne7 26.Rgh2 Nc6 27.Rg2 Ne7 28.Rgh2 Rhh8 29.Rg1 Nc6
30.Rhh1 Qe8 31.Qd2 Qf8 32.Qc1  1/2-1/2